| 000 | 00572cam a2200217ua 4500 | ||
|---|---|---|---|
| 001 | 8299 | ||
| 008 | 150128n ii |||gr||||Z||||||asm | ||
| 020 | _a9789382750642 | ||
| 040 | _cMAIN | ||
| 041 | _aasm | ||
| 082 | _a491.451 | ||
| 100 |
_aGogoi, Karabi, _eEditor. |
||
| 245 | 1 | 2 |
_aAsamiya bhasha aru sahityar dutiman alochona _ced by Karabi Gogoi |
| 250 | _a1st. | ||
| 260 |
_aDibrugarh: _bBanalata, _c2014. |
||
| 300 | _a252p. | ||
| 653 | _aEast Indo-European & Celtic languages | ||
| 653 | _aAssamese language | ||
| 700 |
_aGogoi, Dipali, _eEditor. |
||
| 942 | _cBK | ||
| 999 |
_c7411 _d7411 |
||